000 00544nam a22001937a 4500
003 KOHA_MİRAKIL
005 20251030141740.0
008 251030b tu ||||| |||| 00| 0 tur d
020 _a9789750802829
040 _aTR-AnABB
_btur
_cTR-AnABB
041 _atur
082 _a816.42
_bNEC 2001
100 1 _aNecatigil, Behçet,
245 1 0 _aMektuplar /
_cBehçet Necatigil
260 _aİstanbul :
_bYapı Kredi Kültür Yayınları,
_c2011
300 _a273 sayfa ;
_c21 cm
650 0 4 _aTürk edebiyatı, roman
942 _2ddc
_cBK
999 _c9239
_d9239
900 _bGizem YORULMAZ